| 000 | 01032nam a22002417a 4500 | ||
|---|---|---|---|
| 005 | 20170731142500.0 | ||
| 010 | _a1617EN ENG-117212 | ||
| 020 |
_a9788184959055 _c299.00 |
||
| 035 | _aB-649027-037 | ||
| 035 | _aEN-100744 | ||
| 035 | _aB-667293 | ||
| 037 |
_adpl _bAakar |
||
| 037 | _bDBAD/PUB | ||
| 082 | _a250 | ||
| 100 | _aCleary, Thomas | ||
| 245 |
_aThe secrets of tantric Buddhism : _cby Thomas Cleary _bunderstanding the ecstasy of enlightenment / |
||
| 260 |
_aMumbai _bJaico Publishing House _c2016 |
||
| 270 |
_aA-2 Jash Chambers, 7-A Sir Phirozshah Mehta Road, _bMumbai _e400 001 |
||
| 300 |
_a226p. _c22cm(pbk) |
||
| 942 |
_2ddc _cEN _mCLE _h250 |
||
| 999 |
_c102078 _d102078 |
||